Применение системного анализа при совершенствовании системы оплаты труда; Сибирская финансовая школа; № 3 (104)
| Parent link: | Сибирская финансовая школа: научно-практический журнал.— , 1996- № 3 (104).— 2014.— [. 43-46] |
|---|---|
| Hovedforfatter: | |
| Institution som forfatter: | |
| Andre forfattere: | |
| Summary: | Заглавие с экрана Предпринята попытка адаптации технологии прикладного системного анализа к решению проблем экономики труда. Утверждается, что использование данной технологии в целях совершенствования системы оплаты труда делает процесс более последовательным и эффективным. In the article the authors propose the ways to improve compensation plan systematization process. To reach this goal, a system analysis technique is used. Moreover, the system analysis has been adapted to the problems of labor economics. The results of the research may be used in the applied sphere to enhance logicality and efficiency of the compensation plan improvement. Режим доступа: по договору с организацией-держателем ресурса |
| Sprog: | russisk |
| Udgivet: |
2014
|
| Fag: | |
| Online adgang: | http://journal.safbd.ru/ru/content/primenenie-sistemnogo-analiza-pri-sovershenstvovanii-sistemy-oplaty-truda http://elibrary.ru/item.asp?id=21707907 |
| Format: | MixedMaterials Electronisk Book Chapter |
| KOHA link: | https://koha.lib.tpu.ru/cgi-bin/koha/opac-detail.pl?biblionumber=639954 |
MARC
| LEADER | 00000naa0a2200000 4500 | ||
|---|---|---|---|
| 001 | 639954 | ||
| 005 | 20250227143725.0 | ||
| 035 | |a (RuTPU)RU\TPU\network\4484 | ||
| 035 | |a RU\TPU\network\3542 | ||
| 090 | |a 639954 | ||
| 100 | |a 20150406d2014 k||y0rusy50 ca | ||
| 101 | 0 | |a rus | |
| 102 | |a RU | ||
| 135 | |a drnn ---uucaa | ||
| 181 | 0 | |a i | |
| 182 | 0 | |a b | |
| 200 | 1 | |a Применение системного анализа при совершенствовании системы оплаты труда |d System analysis for compensation plan improvement |f А. С. Шильников, Н. П. Макашева | |
| 203 | |a Текст |c электронный | ||
| 300 | |a Заглавие с экрана | ||
| 320 | |a [Билиогр.: с. 46 (15 назв.)] | ||
| 330 | |a Предпринята попытка адаптации технологии прикладного системного анализа к решению проблем экономики труда. Утверждается, что использование данной технологии в целях совершенствования системы оплаты труда делает процесс более последовательным и эффективным. | ||
| 330 | |a In the article the authors propose the ways to improve compensation plan systematization process. To reach this goal, a system analysis technique is used. Moreover, the system analysis has been adapted to the problems of labor economics. The results of the research may be used in the applied sphere to enhance logicality and efficiency of the compensation plan improvement. | ||
| 333 | |a Режим доступа: по договору с организацией-держателем ресурса | ||
| 461 | |t Сибирская финансовая школа |o научно-практический журнал |d 1996- | ||
| 463 | |t № 3 (104) |v [. 43-46] |d 2014 | ||
| 510 | 1 | |a System analysis for compensation plan improvement |z eng | |
| 610 | 1 | |a труды учёных ТПУ | |
| 610 | 1 | |a электронный ресурс | |
| 610 | 1 | |a системный анализ | |
| 610 | 1 | |a системы оплаты труда | |
| 610 | 1 | |a экономика труда | |
| 610 | 1 | |a организации | |
| 610 | 1 | |a управление персоналом | |
| 700 | 1 | |a Шильников |b А. С. | |
| 701 | 1 | |a Макашева |b Н. П. |c экономист |c доцент Томского политехнического университета, кандидат экономических наук |f 1955- |g Наталия Петровна |3 (RuTPU)RU\TPU\pers\34091 |9 17647 | |
| 712 | 0 | 2 | |a Национальный исследовательский Томский политехнический университет (ТПУ) |b Институт природных ресурсов (ИПР) |b Кафедра экономики природных ресурсов (ЭПР) |3 (RuTPU)RU\TPU\col\18668 |
| 801 | 2 | |a RU |b 63413507 |c 20160405 |g RCR | |
| 856 | 4 | 0 | |u http://journal.safbd.ru/ru/content/primenenie-sistemnogo-analiza-pri-sovershenstvovanii-sistemy-oplaty-truda |
| 856 | 4 | 0 | |u http://elibrary.ru/item.asp?id=21707907 |
| 942 | |c CF | ||